| 000 | 00722cam a2200265 4500 | ||
|---|---|---|---|
| 001 | ABS66418 | ||
| 008 | 030304n2003 000 0 eng u | ||
| 035 | _a(Sirsi) u121511 | ||
| 245 | _aFocus 2003: Yorkshire vision | ||
| 260 | _c2003 | ||
| 490 |
_aEstates Gazette _v(0308) 22 February 2003, 71-83(6) |
||
| 590 | _aABS | ||
| 650 | _aYORKSHIRE | ||
| 650 | _aLEEDS | ||
| 650 | _aHALIFAX | ||
| 650 | _aHUDDERSFIELD | ||
| 650 | _aSHEFFIELD | ||
| 650 | _aYORK | ||
| 650 | _aHUMBERSIDE | ||
| 650 | _aBRADFORD | ||
| 650 | _aINDUSTRIAL MARKET | ||
| 650 | _aPROPERTY-COMMERCIAL PROPERTY-OFFICE PROPERTY-OFFICE PROPERTY MARKET | ||
| 690 | _aPROPERTY-COMMERCIAL PROPERTY-COMMERCIAL PROPERTY MARKET | ||
| 942 | _n0 | ||
| 999 |
_c72216 _d72216 |
||